| 000 | 00000nam 2200000zi 4500 |
| 001 | 9.938640 |
| 003 | CaOODSP |
| 005 | 20250108072052 |
| 006 | m o d f |
| 007 | cr mn||||||||| |
| 008 | 240524s1969 onca obs f000 0 eng d |
| 040 | |aCaOODSP|beng|erda|cCaOODSP |
| 043 | |an-cn--- |
| 045 | |ax2x6 |
| 086 | 1 |aId40-14/1969E-PDF |
| 245 | 02|aA review of the sporting goods industry in Canada. |
| 264 | 1|aOttawa : |bChemicals Branch, Department of Industry, Trade and Commerce, |c1969. |
| 300 | |a1 online resource (113 pages) : |billustrations |
| 336 | |atext|btxt|2rdacontent |
| 337 | |acomputer|bc|2rdamedia |
| 338 | |aonline resource|bcr|2rdacarrier |
| 500 | |aIssued also in French under title: Étude de l'industrie des articles de sport au Canada. |
| 500 | |aDigitized edition from print [produced by Innovation, Science and Economic Development Canada]. |
| 504 | |aIncludes bibliographical references (pages 112-113). |
| 650 | 0|aSporting goods industry|zCanada. |
| 650 | 0|aSporting goods industry|zCanada|vStatistics. |
| 655 | 7|aStatistics|2lcgft |
| 710 | 1 |aCanada. |bDepartment of Industry, Trade and Commerce. |bChemicals Branch, |eissuing body. |
| 775 | 08|tÉtude de l'industrie des articles de sport au Canada.|w(CaOODSP)9.946596 |
| 856 | 40|qPDF|s2.07 MB|uhttps://publications.gc.ca/collections/collection_2025/isde-ised/Id40-14-1969-eng.pdf |